[Event "Budapest-chT1 Lilienthal 1112"]
[Site "Budapest"]
[Date "2011.12.11"]
[Round "5"]
[White "Kerek, Csaba"]
[Black "Kulcsar, Tamas"]
[Result "1-0"]
[WhiteElo "2348"]
[BlackElo "2119"]
[PlyCount "95"]
[EventDate "2011.10.02"]
[EventType "team-tourn"]
[EventRounds "11"]
[EventCountry "HUN"]
[SourceTitle "EXT 2020"]
[Source "ChessBase"]
[SourceDate "2019.10.17"]
[SourceVersion "1"]
[SourceVersionDate "2019.10.17"]
[SourceQuality "1"]
[WhiteTeam "Barcza GSC"]
[BlackTeam "Vizugy II"]
[WhiteTeamCountry "HUN"]
[BlackTeamCountry "HUN"]

1. d4 Nf6 2. c4 g6 3. Nc3 Bg7 4. e4 d6 5. Nf3 0-0 6. Be2 Nbd7 7. Bg5 e5 8. d5 h6 9. Bh4 g5 10. Bg3 Nh5 11. h4 Nxg3 12. fxg3 g4 13. Nh2 h5 14. 0-0 Nf6 15. Bd3 Bh6 16. Qe2 Ne8 17. Rf2 Ng7 18. Raf1 f6 19. Nd1 Bd7 20. Ne3 Qe7 21. Kh1 Qf7 22. b4 a5 23. a3 axb4 24. axb4 Qe7 25. Rb1 Ra3 26. Nhf1 Rfa8 27. Nc2 Ra2 28. Nfe3 b6 29. c5 dxc5 30. Bc4 Kh7 31. Bxa2 Rxa2 32. Rbf1 Ne8 33. Nf5 Bxf5 34. Rxf5 Kg6 35. Qc4 Ra8 36. bxc5 bxc5 37. d6 Nxd6 38. Rxf6+ Qxf6 39. Rxf6+ Kxf6 40. Qxc5 Rb8 41. Qxc7 Rb1+ 42. Kh2 Nf7 43. Qd7 Rf1 44. Nb4 Bf8 45. Nd5+ Kg7 46. Ne3 Re1 47. Nf5+ Kg8 48. Qc6 1-0

[Event "HUN-chT 1112"]
[Site "Hungary"]
[Date "2011.09.25"]
[Round "1"]
[White "Karacsony, Attila"]
[Black "Kerek, Csaba"]
[Result "0-1"]
[WhiteElo "2314"]
[BlackElo "2348"]
[PlyCount "40"]
[EventDate "2011.09.25"]
[EventType "team-tourn"]
[EventRounds "11"]
[EventCountry "HUN"]
[SourceTitle "CBM 144 Extra"]
[Source "ChessBase"]
[SourceDate "2011.10.28"]
[SourceVersion "1"]
[SourceVersionDate "2011.10.28"]
[SourceQuality "1"]
[WhiteTeam "Vasas"]
[BlackTeam "Tatai Honved"]
[WhiteTeamCountry "HUN"]
[BlackTeamCountry "HUN"]

1. e4 Nf6 2. e5 Nd5 3. d4 d6 4. c4 Nb6 5. f4 g6 6. Nc3 Bg7 7. Be3 0-0 8. c5 N6d7 9. h4 b6 10. Qf3 c6 11. cxd6 exd6 12. 0-0-0 h5 13. Be2 Qe7 14. g4 hxg4 15. Qg3 dxe5 16. fxe5 Nxe5 17. Bf4 Nbd7 18. dxe5 Nxe5 19. Qg2 Bf5 20. Bxe5 Bh6+ 0-1

[Event "HUN-chT2 Charousek 1011"]
[Site "Hungary"]
[Date "2011.03.27"]
[Round "7"]
[White "Nagy, Kristof"]
[Black "Kerek, Csaba"]
[Result "0-1"]
[WhiteElo "1962"]
[BlackElo "2304"]
[PlyCount "92"]
[EventDate "2010.09.12"]
[EventType "team-tourn"]
[EventRounds "11"]
[EventCountry "HUN"]
[SourceTitle "EXT 2012"]
[Source "ChessBase"]
[SourceDate "2011.11.24"]
[SourceVersion "1"]
[SourceVersionDate "2011.11.24"]
[SourceQuality "1"]
[WhiteTeam "Csuti II"]
[BlackTeam "Tatai Honved"]
[WhiteTeamCountry "HUN"]
[BlackTeamCountry "HUN"]

1. e4 Nf6 2. e5 Nd5 3. c4 Nb6 4. d4 d6 5. exd6 cxd6 6. Nc3 g6 7. Nf3 Bg7 8. Be2 0-0 9. 0-0 Nc6 10. h3 Bf5 11. Be3 d5 12. c5 Nc4 13. Bxc4 dxc4 14. d5 Nb4 15. Bd4 Bd3 16. Bxg7 Kxg7 17. Qd2 Nxd5 18. Nxd5 Qxd5 19. Qc3+ Kg8 20. Rad1 Rfd8 21. Rfe1 Qxc5 22. Ne5 Rac8 23. Nxd3 Rxd3 24. Rxd3 cxd3 25. Qxd3 e6 26. Qd7 Qc6 27. Qd4 a5 28. Re3 Qc1+ 29. Kh2 Qc7+ 30. g3 Rd8 31. Qf6 Rd5 32. Rf3 b5 33. Rc3 Qd8 34. Qxd8+ Rxd8 35. Rc5 Rd2 36. Rxb5 Rxf2+ 37. Kg1 Rc2 38. a4 h5 39. b3 Rb2 40. Rxa5 Rxb3 41. Kf2 h4 42. gxh4 Rxh3 43. h5 gxh5 44. Rg5+ Kf8 45. a5 h4 46. Rg4 Ra3 0-1

[Event "HUN-chT2 Charousek 1011"]
[Site "Hungary"]
[Date "2010.11.07"]
[Round "5"]
[White "Bartha, Sandor"]
[Black "Kerek, Csaba"]
[Result "0-1"]
[WhiteElo "2223"]
[BlackElo "2304"]
[PlyCount "90"]
[EventDate "2010.09.12"]
[EventType "team-tourn"]
[EventRounds "11"]
[EventCountry "HUN"]
[SourceTitle "EXT 2012"]
[Source "ChessBase"]
[SourceDate "2011.11.24"]
[SourceVersion "1"]
[SourceVersionDate "2011.11.24"]
[SourceQuality "1"]
[WhiteTeam "Balatonfuered"]
[BlackTeam "Tatai Honved"]
[WhiteTeamCountry "HUN"]
[BlackTeamCountry "HUN"]

1. d4 Nf6 2. Nf3 g6 3. g3 Bg7 4. Bg2 0-0 5. 0-0 d6 6. b3 e5 7. dxe5 dxe5 8. Bb2 e4 9. Qxd8 Rxd8 10. Ng5 Bf5 11. Nc3 Nc6 12. Rad1 h6 13. Nh3 Nd4 14. e3 Nf3+ 15. Kh1 Ng4 16. Rxd8+ Rxd8 17. Rd1 Rxd1+ 18. Nxd1 Bxb2 19. Nxb2 Ngxh2 20. Nf4 Ng4 21. Nd1 c6 22. Ne2 Bd7 23. c4 c5 24. Nec3 f5 25. Bxf3 exf3 26. Nd5 Kf7 27. Kg1 g5 28. N1c3 Nf6 29. Nc7 Bc6 30. N7b5 a6 31. Na3 Ke6 32. Nab1 b5 33. Nd2 b4 34. Na4 Kd6 35. Nb2 g4 36. Nd3 Ne4 37. Nxe4+ Bxe4 38. Nc1 Ke5 39. Kf1 f4 40. gxf4+ Kf5 41. Kg1 h5 42. Kf1 h4 43. Kg1 g3 44. Kf1 Kg4 45. Kg1 h3 0-1

[Event "HUN-chT2 Charousek 1011"]
[Site "Hungary"]
[Date "2010.10.24"]
[Round "4"]
[White "Szegi, Tamas"]
[Black "Kerek, Csaba"]
[Result "0-1"]
[WhiteElo "2261"]
[BlackElo "2304"]
[PlyCount "108"]
[EventDate "2010.09.12"]
[EventType "team-tourn"]
[EventRounds "11"]
[EventCountry "HUN"]
[SourceTitle "EXT 2012"]
[Source "ChessBase"]
[SourceDate "2011.11.24"]
[SourceVersion "1"]
[SourceVersionDate "2011.11.24"]
[SourceQuality "1"]
[WhiteTeam "Kisber Aszar"]
[BlackTeam "Tatai Honved"]
[WhiteTeamCountry "HUN"]
[BlackTeamCountry "HUN"]

1. e4 c5 2. Nf3 Nc6 3. c3 d5 4. exd5 Qxd5 5. d4 Bg4 6. Be2 e6 7. h3 Bh5 8. 0-0 cxd4 9. cxd4 Nf6 10. Nc3 Qd6 11. Qb3 Qb4 12. Be3 Qxb3 13. axb3 Bd6 14. g4 Bg6 15. Ne5 Nb4 16. Nc4 Be7 17. Nb6 Rb8 18. Rxa7 Nc6 19. Raa1 Rd8 20. Bf3 0-0 21. d5 exd5 22. Nbxd5 Nxd5 23. Nxd5 Bd6 24. b4 f5 25. Bb6 Rd7 26. Rfd1 Ne5 27. Be2 fxg4 28. hxg4 Bc2 29. Rd4 Nc6 30. Rd2 Bb3 31. Ra3 Bxb4 32. Nf6+ gxf6 33. Rxd7 Bxa3 34. bxa3 Rf7 35. Rd6 Re7 36. Kf1 Kf7 37. Be3 Ne5 38. g5 fxg5 39. Bxg5 Re6 40. Bh5+ Kg7 41. Rd4 b5 42. f4 Bc4+ 43. Kg2 Nf7 44. Rd7 Rd6 45. Ra7 h6 46. Be7 Rd5 47. Bf3 Rd2+ 48. Kg1 Rd4 49. f5 Rf4 50. f6+ Kg6 51. Bc6 h5 52. Be8 h4 53. Rb7 Rf1+ 54. Kh2 Bd5 0-1

[Event "HUN-chT2 Charousek 0910"]
[Site "Hungary"]
[Date "2010.05.02"]
[Round "11"]
[White "Karsa, Laszlo"]
[Black "Kerek, Csaba"]
[Result "1/2-1/2"]
[WhiteElo "2340"]
[BlackElo "2323"]
[PlyCount "64"]
[EventDate "2009.11.08"]
[EventType "team-tourn"]
[EventRounds "11"]
[EventCountry "HUN"]
[SourceTitle "EXT 2011"]
[Source "ChessBase"]
[SourceDate "2010.11.26"]
[SourceVersion "1"]
[SourceVersionDate "2010.11.26"]
[SourceQuality "1"]
[WhiteTeam "Pannonpower"]
[BlackTeam "Tatai Honved"]
[WhiteTeamCountry "HUN"]
[BlackTeamCountry "HUN"]

1. d4 Nf6 2. Nf3 g6 3. g3 Bg7 4. Bg2 0-0 5. 0-0 d5 6. c4 c6 7. Nbd2 a5 8. b3 Bf5 9. Bb2 Nbd7 10. a3 Ne4 11. cxd5 cxd5 12. Nh4 Qb6 13. Nxf5 gxf5 14. Nxe4 dxe4 15. a4 Rfd8 16. f3 Nc5 17. e3 Qxb3 18. Qxb3 Nxb3 19. Rad1 e5 20. fxe4 fxe4 21. Bxe4 exd4 22. Bxd4 Bxd4 23. exd4 Nxd4 24. Bxb7 Rab8 25. Rb1 Ne2+ 26. Kh1 Nc3 27. Rb3 Nxa4 28. Rf5 Rd1+ 29. Kg2 Rd2+ 30. Kh3 Rb2 31. Rxb2 Nxb2 32. Bd5 Rf8 1/2-1/2

[Event "HUN-chT2 Charousek 0910"]
[Site "Hungary"]
[Date "2010.03.20"]
[Round "6"]
[White "Kerek, Csaba"]
[Black "Monda, Laszlo"]
[Result "1-0"]
[WhiteElo "2323"]
[BlackElo "2137"]
[PlyCount "61"]
[EventDate "2009.11.08"]
[EventType "team-tourn"]
[EventRounds "11"]
[EventCountry "HUN"]
[SourceTitle "EXT 2011"]
[Source "ChessBase"]
[SourceDate "2010.11.26"]
[SourceVersion "1"]
[SourceVersionDate "2010.11.26"]
[SourceQuality "1"]
[WhiteTeam "Tatai Honved"]
[BlackTeam "Tapolca"]
[WhiteTeamCountry "HUN"]
[BlackTeamCountry "HUN"]

1. d4 d5 2. c4 e6 3. Nf3 c6 4. g3 Nd7 5. Qc2 Qa5+ 6. Nbd2 Ngf6 7. Bg2 Ne4 8. 0-0 f5 9. Nxe4 dxe4 10. Ng5 Nf6 11. f3 h6 12. Nh3 exf3 13. exf3 Qd8 14. Be3 Bd6 15. Rad1 0-0 16. Nf4 Re8 17. Nd3 Nh5 18. Ne5 Qc7 19. f4 Nf6 20. h3 c5 21. Qf2 Bxe5 22. fxe5 cxd4 23. exf6 dxe3 24. Qxe3 Qxc4 25. Rxf5 Rf8 26. fxg7 Rxf5 27. Qxh6 Qc5+ 28. Kh2 Rg5 29. Qh8+ Kf7 30. Rf1+ Ke7 31. Qf8+ 1-0

[Event "HUN-chT2 Charousek 0910"]
[Site "Hungary"]
[Date "2009.12.20"]
[Round "4"]
[White "Toth, Lili"]
[Black "Kerek, Csaba"]
[Result "1-0"]
[WhiteElo "2171"]
[BlackElo "2323"]
[PlyCount "83"]
[EventDate "2009.11.08"]
[EventType "team-tourn"]
[EventRounds "11"]
[EventCountry "HUN"]
[SourceTitle "EXT 2011"]
[Source "ChessBase"]
[SourceDate "2010.11.26"]
[SourceVersion "1"]
[SourceVersionDate "2010.11.26"]
[SourceQuality "1"]
[WhiteTeam "Paks II"]
[BlackTeam "Tatai Honved"]
[WhiteTeamCountry "HUN"]
[BlackTeamCountry "HUN"]

1. d4 d5 2. c4 c6 3. cxd5 cxd5 4. Nc3 Nf6 5. Bf4 Nc6 6. e3 Bf5 7. Nf3 e6 8. Bd3 Bxd3 9. Qxd3 Bd6 10. Bxd6 Qxd6 11. 0-0 0-0 12. Rac1 Rfc8 13. Nd2 Ng4 14. f4 f5 15. Nf3 Qb4 16. h3 Nf6 17. Qb5 Ne4 18. a4 a6 19. Qxb4 Nxb4 20. Nxe4 fxe4 21. Ne5 Nc2 22. Kf2 Rc7 23. g4 Rac8 24. g5 Nb4 25. Rxc7 Rxc7 26. Kg2 g6 27. h4 Kg7 28. Kg3 Rc2 29. Rf2 Rc1 30. Rh2 Rg1+ 31. Kf2 Rd1 32. Kg3 Rg1+ 33. Kf2 Rb1 34. Kg3 Ra1 35. h5 gxh5 36. Rxh5 Rg1+ 37. Kf2 Rb1 38. Rh6 Rxb2+ 39. Kg3 Re2 40. Rxe6 Rxe3+ 41. Kg4 Nc2 42. f5 1-0